000 01851cam a2200301 4500
008 090401t1993 xxu||||| |||| 00| 0 eng d
020 _a0854065946
035 _a(Sirsi) u58348
041 _aeng
050 _a330.91724
090 _aRICS 1993/47ABCD
110 _aRoyal Institution of Chartered Surveyors
_94900
245 _aOur common estate: papers presented at a conference held in October 1992 on research into urban and rural development in the third world.
260 _aLondon
_bRICS
_c1993
300 _a85p. ; 30cm.
350 _a20
520 _aPapers :- Urbanisation and policy development in developing countries: the economic framework and some comparative perspectives/ PUGH, CEDRIC - Maintenance of low cost buildings in developing countries/ BRITTEN, JOHN & SMITH, RAY - Appropriate building technologies: constraints to their specification in building projects/ WELLS, JILL - The challenge of low-cost housing in Africa: an analysis of the Kenyan experience/ JOSHI, ATUL - The cost factor in appropriate architecture/ AVERY, DAVID - The Agricultural Landlord and Tenant Act in the development of Fiji/ MUNRO-FAURE, PAUL - Improving local government taxation in Malaysia through expert systems/ GRONOW, STUART - The education and training of valuers in China/ PLIMMER, FRANCES - Developing quantity surveying and developing countries/ INGLIS, LLOYD - Energy expansion in less developed countries: capacity versus energy conservation: the case for Nigeria/ EBOHON, JOHN.
650 _aAGRICULTURAL LANDLORD AND TENANT ACT 1966
650 _aDEVELOPING COUNTRIES
650 _aKENYA
650 _aLOW-COST HOUSING
650 _aBUILT ENVIRONMENT-QUANTITY SURVEYING
650 _aRURAL DEVELOPMENT
650 _aURBAN DEVELOPMENT
690 _aOVERSEAS-REST OF THE WORLD
942 _n0
948 _c04/03/1997
999 _c94059
_d94059